000 00749nam a2200205Ii 4500
003 JO-AjNU
008 230605s9999||||xx |||||||||||||| ||und||
040 _aJO-AjNU
_bara
_erda
_cJO-AjNU
041 _aara
050 1 4 _aPJ7814 2005
100 3 _aتأليف سلطاني، محمد عدنان ؛ راجعها محمد علي سلطاني ؛ تقديم أحمد صفوح زين العابدين,
_eauthor
_937836
245 0 0 _aالسيف والشيطان: قصص للجميع رواية
250 _aط1
264 3 1 _aدمشق:دار العصماء،2005
300 _a95ص
336 _atext
_btxt
_2rdacontent
337 _aunmediated
_bn
_2rdamedia
338 _avolume
_bnc
_2rdacarrier
650 4 _aالأدب العربي - قصص
_937837
999 _aA15846
_c19414
_d19414